各都道府県で人口が一番少ない市 - Statistics

General Stats
  • This quiz has been taken 44 times
  • The average score is 35 of 47
Answer Stats
Hint Answer % Correct
北海道 歌志内市
97%
岩手県 陸前高田市
84%
山形県 尾花沢市
84%
栃木県 那須烏山市
84%
三重県 熊野市
84%
鳥取県 境港市
84%
青森県 平川市
81%
秋田県 にかほ市
81%
山梨県 大月市
81%
和歌山県 御坊市
81%
山口県 美祢市
81%
群馬県 沼田市
78%
石川県 珠洲市
78%
福井県 勝山市
78%
静岡県 下田市
78%
滋賀県 米原市
78%
島根県 江津市
78%
香川県 東かがわ市
78%
高知県 室戸市
78%
宮城県 角田市
76%
福島県 本宮市
76%
東京都 羽村市
76%
神奈川県 南足柄市
76%
京都府 宮津市
76%
大阪府 阪南市
76%
兵庫県 養父市
76%
徳島県 三好市
76%
愛媛県 八幡浜市
76%
千葉県 勝浦市
73%
長野県 飯山市
73%
岡山県 美作市
73%
広島県 江田島市
73%
佐賀県 多久市
73%
長崎県 松浦市
73%
富山県 小矢部市
70%
岐阜県 美濃市
70%
奈良県 御所市
70%
熊本県 水俣市
70%
大分県 津久見市
70%
沖縄県 南城市
70%
埼玉県 幸手市
68%
愛知県 弥富市
68%
茨城県 潮来市
65%
新潟県 加茂市
65%
宮崎県 串間市
65%
福岡県 豊前市
62%
鹿児島県 垂水市
62%
No matching quizzes found
Score Distribution
Percent of People with Each Score
Percentile by Number Answered
Your Score History
You have not taken this quiz